000 00341nam a2200133Ia 4500
008 240624s9999 xx 000 0 und d
041 _aeng
082 _a425 BLA
100 _aBLANK PAULA
245 _aBROKEN ENGLISH DIALECTS AND THE POLITICS
260 _c2016
_aNew Delhi
_bRoutledge
300 _aviii, 211 p.; 22 cm.
365 _cRS
_b31
999 _c29472
_d29472